000
00329 a2200157 4500
001
65686
020
_a
9788580574029
040
_c
Anchieta - Pituba
100
_a
Graves, Tracey Garvis
240
1
0
_a
Na ilha
_l
por
245
1
0
_a
Na ilha
300
_a
285
362
0
_a
2013
650
4
_a
Ficção norte-americana
942
_c
BK
999
_c
65686
_d
65686